书目信息 |
| 题名: |
房屋建筑与装饰工程工程量计算规范图解
|
|
| 作者: | 房春艳 , 吴佐民 主编 | |
| 分册: | ||
| 出版信息: | 北京 中国建筑工业出版社 2016.01 |
|
| 页数: | 576页 | |
| 开本: | 26cm | |
| 丛书名: | ||
| 单 册: | ||
| 中图分类: | TU723.3-65 | |
| 科图分类: | ||
| 主题词: | 建筑装饰--jian zhu zhuang shi--工程造价--建筑规范--中国--图解 , 建筑工程--jian zhu gong cheng--工程造价--建筑规范--中国--图解 | |
| 电子资源: | ||
| ISBN: | 978-7-112-18561-0 | |
| 000 | 01321nam0 2200241 450 | |
| 001 | CAL 0120161765061 | |
| 005 | 20190307154939.66 | |
| 010 | @a978-7-112-18561-0@dCNY80.00 | |
| 100 | @a20160615d2016 em y0chiy50 ea | |
| 101 | 0 | @achi |
| 102 | @aCN@b110000 | |
| 105 | @aak z 000yy | |
| 200 | 1 | @a房屋建筑与装饰工程工程量计算规范图解@Afang wu jian zhu yu zhuang shi gong cheng gong cheng liang ji suan gui fan tu jie@f吴佐民, 房春艳主编 |
| 210 | @a北京@c中国建筑工业出版社@d2016.01 | |
| 215 | @a576页@c图@d26cm | |
| 330 | @a本书依据《建设工程工程量清单计价规范》GB 50500—2013、《房屋建筑与装饰工程工程量计算规范》GB 50854—2013以及地方定额等, 用图解的方式对房屋建筑与装饰工程各分项的工程量计算方法作了较详细的解释说明。通过典型实例, 说明实际操作中的有关问题及解决方法, 详细阐述了房屋建筑与装饰工程工程量清单及其计价编制的方法及注意事项, 集标准与实务讲解于一体, 兼顾工程量清单单价的组价与分析, 是进行房屋建筑与装饰工程招标控制价和投标报价、工程结算编制与审查的实用工具用书。 | |
| 606 | 0 | @a建筑装饰@Ajian zhu zhuang shi@x工程造价@x建筑规范@y中国@j图解 |
| 606 | 0 | @a建筑工程@Ajian zhu gong cheng@x工程造价@x建筑规范@y中国@j图解 |
| 690 | @aTU723.3-65@v5 | |
| 701 | 0 | @a房春艳@Afang chun yan@4主编 |
| 701 | 0 | @a吴佐民@Awu zuo min@4主编 |
| 801 | 0 | @aCN@c20160615 |
| 905 | @a河南城建学院图书馆@dTU723.3-65@eW924@f3 | |
| 房屋建筑与装饰工程工程量计算规范图解/吴佐民, 房春艳主编.-北京:中国建筑工业出版社,2016.01 |
| 576页:图;26cm |
| ISBN 978-7-112-18561-0:CNY80.00 |
| 本书依据《建设工程工程量清单计价规范》GB 50500—2013、《房屋建筑与装饰工程工程量计算规范》GB 50854—2013以及地方定额等, 用图解的方式对房屋建筑与装饰工程各分项的工程量计算方法作了较详细的解释说明。通过典型实例, 说明实际操作中的有关问题及解决方法, 详细阐述了房屋建筑与装饰工程工程量清单及其计价编制的方法及注意事项, 集标准与实务讲解于一体, 兼顾工程量清单单价的组价与分析, 是进行房屋建筑与装饰工程招标控制价和投标报价、工程结算编制与审查的实用工具用书。 |
| ● |
| 相关链接 |
|
|
|
正题名:房屋建筑与装饰工程工程量计算规范图解
索取号:TU723.3-65/W924
 
预约/预借
| 序号 | 登录号 | 条形码 | 馆藏地/架位号 | 状态 | 备注 |
| 1 | 1243965 | 212439654 | 建筑库201/201建筑库 105排9列5层/ [索取号:TU723.3-65/W924] | 在馆 | |
| 2 | 1262188 | 212621885 | 建筑库201/201建筑库 105排9列5层/ [索取号:TU723.3-65/W924] | 在馆 | |
| 3 | 1262189 | 212621894 | 建筑库201/201建筑库 108排9列6层/ [索取号:TU723.3-65/W924] |
已借出,限还日期为2022.02.22 借出人:周彦兵 |
|
| 4 | 1262190 | 212621901 | 建筑库201/201建筑库 105排9列5层/ [索取号:TU723.3-65/W924] | 在馆 |